Bridgerton Cast - Statistics

General Stats
  • This quiz has been taken 36 times
  • The average score is 11 of 16
Answer Stats
Picture Answer % Correct
Luke Thompson
97%
Claudia Jessie
91%
Jonathan Bailey
91%
Luke Newton
91%
Florence Hunt
78%
Regé-Jean Page
78%
Simone Ashley
78%
Hannah Dodd
75%
Phoebe Dynevor
72%
Nicola Coughlan
69%
Ruth Gemmel
63%
Golda Rosheuvel
50%
Polly Walker
50%
Adjoa Andoh
47%
Jessica Madsen
44%
Will Tilston
41%
No matching quizzes found
Score Distribution
Percent of People with Each Score
Percentile by Number Answered
Your Score History
You have not taken this quiz